<?xml version="1.0" encoding="UTF-8"?><?xml-stylesheet type="text/xsl" href="static/style.xsl"?><OAI-PMH xmlns="http://www.openarchives.org/OAI/2.0/" xmlns:xsi="http://www.w3.org/2001/XMLSchema-instance" xsi:schemaLocation="http://www.openarchives.org/OAI/2.0/ http://www.openarchives.org/OAI/2.0/OAI-PMH.xsd"><responseDate>2026-04-14T02:06:11Z</responseDate><request verb="GetRecord" identifier="oai:www.recercat.cat:10230/20952" metadataPrefix="marc">https://recercat.cat/oai/request</request><GetRecord><record><header><identifier>oai:recercat.cat:10230/20952</identifier><datestamp>2025-12-20T20:24:49Z</datestamp><setSpec>com_2072_6</setSpec><setSpec>col_2072_452954</setSpec></header><metadata><record xmlns="http://www.loc.gov/MARC21/slim" xmlns:dcterms="http://purl.org/dc/terms/" xmlns:xsi="http://www.w3.org/2001/XMLSchema-instance" xmlns:doc="http://www.lyncode.com/xoai" xsi:schemaLocation="http://www.loc.gov/MARC21/slim http://www.loc.gov/standards/marcxml/schema/MARC21slim.xsd">
   <leader>00925njm 22002777a 4500</leader>
   <datafield ind2=" " ind1=" " tag="042">
      <subfield code="a">dc</subfield>
   </datafield>
   <datafield ind2=" " ind1=" " tag="720">
      <subfield code="a">Lafuente Miguel, Leticia</subfield>
      <subfield code="e">author</subfield>
   </datafield>
   <datafield ind2=" " ind1=" " tag="260">
      <subfield code="c">2013-07-25T16:44:32Z</subfield>
   </datafield>
   <datafield ind2=" " ind1=" " tag="260">
      <subfield code="c">2013-07-25T16:44:32Z</subfield>
   </datafield>
   <datafield ind2=" " ind1=" " tag="260">
      <subfield code="c">2013-07-25</subfield>
   </datafield>
   <datafield ind2=" " ind1=" " tag="520">
      <subfield code="a">Treball de fi de grau d&amp;apos;Infermeria</subfield>
   </datafield>
   <datafield ind2=" " ind1=" " tag="520">
      <subfield code="a">Directora: Silvia Esteban Sepulveda</subfield>
   </datafield>
   <datafield ind2=" " ind1=" " tag="520">
      <subfield code="a">Coordinadors: Marta López i Juan M. Leyva</subfield>
   </datafield>
   <datafield ind2=" " ind1=" " tag="520">
      <subfield code="a">El rol de la mujer ha evolucionado a ser el de una madre y trabajadora a la vez, originando/ncambios en las expectativas a la hora de tener descendencia, retrasando la edad de tener hijos/ny decidiendo crear núcleos pequeños 1, 2. Uno de los paradigmas enfermeros que se tiene en/ncuenta en estas situaciones es el del autocuidado, por lo que como profesional en el campo de/nla planificación familiar, una de las labores es ofrecer información sobre los métodos/nanticonceptivos, adaptándolos a cada persona y en cada momento, según la situación/neconómica, social, física o emocional. De esta forma se podrían evitar los embarazos no/ndeseados y los maltratos infantiles. Uno de los métodos anticonceptivos naturales, que está/nintegrado en la planificación familiar, es el método anticonceptivo lactancia-amenorrea. Éste/nes un método está basado en la fertilidad de la mujer cuando está realizando lactancia/nmaterna exclusiva./nEn este trabajo se propone investigar cuál es el grado de conocimiento que tienen las futuras/nmadres en la actualidad sobre este método anticonceptivo, ya que esto nos servirá de guía/npara ofrecer la información necesaria, pudiendo reforzar los puntos débiles que se puedan/ndetectar con éste estudio. Se propone un estudio multicéntrico, cuantitativo, observacional,/ndescriptivo de corte transversal. Se administrará un cuestionario autoadministrado diseñado ad hoc, en una muestra de 148 gestantes durante el tercer trimestre (semana 32-38 de gestación), residentes en Logroño.</subfield>
   </datafield>
   <datafield ind2=" " ind1=" " tag="520">
      <subfield code="a">El rol de la dona ha evolucionat a ser el d&amp;apos;una mare i treballadora alhora, originant canvis en/nles expectatives a l&amp;apos;hora de tenir descendència, retardant l&amp;apos;edat de tenir fills i decidint crear/nnuclis petits 1, 2. Un dels paradigmes infermers que es té en compte en aquestes situacions és/nel de l&amp;apos;autocura, pel que com a professional en el camp de la planificació familiar, una de les/ntasques és oferir informació sobre els mètodes anticonceptius, adaptant-los a cada persona i/nen cada moment, segons la situació econòmica, social, física o emocional. D&amp;apos;aquesta manera es/npodrien evitar els embarassos no desitjats i els maltractaments infantils. Un dels mètodes/nanticonceptius naturals, que està integrat en la planificació familiar, és el mètode/n2 anticonceptiu lactància-amenorrea. Aquest és un mètode està basat en la fertilitat de la dona/nquan està realitzant lactància materna exclusiva./nEn aquest treball es proposa investigar quin és el grau de coneixement que tenen les futures/nmares en l&amp;apos;actualitat sobre aquest mètode anticonceptiu, ja que això ens servirà de guia per/noferir la informació necessària, podent reforçar els punts febles que es puguin detectar amb/naquest estudi. Es proposa un estudi multicèntric, quantitatiu, observacional, descriptiu de tall/ntransversal. Es administrarà un qüestionari autoadministrat dissenyat ad hoc, en una mostra/nde 148 gestants durant el tercer trimestre (setmana 32-38 de gestació), residents a Logroño.</subfield>
   </datafield>
   <datafield ind2=" " ind1=" " tag="520">
      <subfield code="a">The role of women has changed to be that of a mother and worker at a time, causing changes/nin expectations when it comes to having children, delaying childbearing age and deciding/ncreate small cores 1, 2. One of the nurses paradigms is taken into account in these situations is/nself-care, so as a professional in the field of family planning, one of the tasks is to provide/ninformation about contraception, adapting to each person and each time, as the economic,/nsocial, physical or emotional. This could prevent unwanted pregnancies and child abuse. One/nof the natural contraceptive methods, which is integrated into family planning, is the/nlactational amenorrhea method of contraception. This is a method is based on the fertility of/nthe woman who is doing exclusive breastfeeding./nThis study objetive to investigate what is the degree of knowledge that expectant mothers/nhave today about this contraceptive method, as this will guide us to provide the necessary/ninformation and can reinforce the weak points that can be detected with this study. We/npropose a multicentre, quantitative, observational, cross-sectional descriptive. Were given a/nself-administered questionnaire designed ad hoc, in a sample of 148 pregnant women during/nthe third trimester (32-38 weeks gestation), resident in Logroño.</subfield>
   </datafield>
   <datafield tag="653" ind2=" " ind1=" ">
      <subfield code="a">Contraceptius</subfield>
   </datafield>
   <datafield tag="653" ind2=" " ind1=" ">
      <subfield code="a">Control de la natalitat</subfield>
   </datafield>
   <datafield tag="653" ind2=" " ind1=" ">
      <subfield code="a">Treball de fi de grau -- Curs 2012-2013</subfield>
   </datafield>
   <datafield ind2="0" ind1="0" tag="245">
      <subfield code="a">Conocimiento del método anticonceptivo de lactancia y amenorrea (MELA) en gestantes residentes en Logroño</subfield>
   </datafield>
</record></metadata></record></GetRecord></OAI-PMH>